=LDR 00000nam 2200000 4500 =001 INLIS000000000054051 =005 20190520091010 =035 ##$$a 0010-0519000113 =007 ta =008 190520###########################0###### =020 ##$$a 978-602-8453-57-8 =082 ##$$a 746.46 =084 ##$$a 746.46 MEN b =100 #$$a Menik =245 1#$$a Boneka dan aksesoris dari benang wol /$c Menik =250 ##$$a Cet 1 =260 ##$$a Jakarta :$b Kriya Pustaka,$c 2012 =300 ##$$a iii, 92 hlm. : $b ilus. ; $c 23 Cm. =650 ##$$a Seni tekstil - Rajutan =700 #$$a Penyunting, Rhein Fathia =504 ##$$a Bibliografi Hlm ; 89 =990 ##$$a 10061006 =990 ##$$a 51900020 =990 ##$$a 51900020